Pokémon With Regional Forms - Statistics

General Stats
  • This quiz has been taken 15 times
  • The average score is 52 of 58
Answer Stats
Picture Answer % Correct
Geodude
100%
Meowth
100%
Meowth
100%
Ninetales
100%
Raichu
100%
Rattata
100%
Sandshrew
100%
Vulpix
100%
Articuno
92%
Diglett
92%
Dugtrio
92%
Exeggutor
92%
Golem
92%
Graveler
92%
Grimer
92%
Moltres
92%
Mr. Mime
92%
Muk
92%
Persian
92%
Raticate
92%
Sandslash
92%
Slowbro
92%
Slowpoke
92%
Voltorb
92%
Zapdos
92%
Arcanine
85%
Avalugg
85%
Basculin
85%
Braviary
85%
Corsola
85%
Darmanitan
85%
Darumaka
85%
Decidueye
85%
Electrode
85%
Farfetch'd
85%
Goodra
85%
Growlithe
85%
Lilligant
85%
Linoone
85%
Marowak
85%
Ponyta
85%
Qwilfish
85%
Rapidash
85%
Samurott
85%
Sliggoo
85%
Slowking
85%
Sneasel
85%
Stunfisk
85%
Tauros
85%
Tauros
85%
Tauros
85%
Typhlosion
85%
Weezing
85%
Wooper
85%
Yamask
85%
Zigzagoon
85%
Zoroark
85%
Zorua
85%
No matching quizzes found
Score Distribution
Percent of People with Each Score
Percentile by Number Answered
Your Score History
You have not taken this quiz